Statistics for Unrecognised Nations #1

Click here to take the quiz!

General Stats

  • This quiz has been taken 66 times
  • The average score is 8 of 10

Answer Stats

Country Situated InStartsNation% Correct
IsraelPPalestine
97%
MoroccoWWestern Sahara
95%
SomaliaSSomaliland
93%
CyprusNNorthern Cyprus
92%
GeorgiaAAbkhazia
83%
IraqKKurdistan
83%
MoldovaTTransnistria
81%
GeorgiaSSouth Ossetia
78%
ArmeniaAArtsakh
59%
LithuaniaUUžupis
8%

Score Distribution

Percentile by Number Answered

Percent of People with Each Score

Your Score History

You have not taken this quiz